000 00353pam a2200157a 44500
008 230515b2003 xxu||||| |||| 00| 0 eng d
020 _aNULL
041 _aENGLISH
082 _aN.D.
100 _aGolati R R
245 _aMonochome & Colour Television
250 _a0
260 _aNULL
_bNew Age Pvt. Ltd
_c2003
300 _a774
650 _aNULL
999 _c587120
_d587120